Hello, My Name Is...'N' Quiz Stats

 Plays Quiz Updated Feb 21, 2015

Challenge
Share
Tweet
Score 0/20 Timer 04:00
2 Plays Today
% Correct
Nicole Kidman
91.5%
Nicolas Cage
83.2%
Nicki Minaj
81.7%
Neil Diamond
61.3%
Nathan Lane
61%
Norm Macdonald
57.7%
Nancy Grace
56.6%
Natalie Wood
56.4%
Naomi Campbell
55.3%
Nelly
52%
% Correct
Neve Campbell
51.5%
Nikki Sixx
49.1%
Ned Beatty
45.7%
Noah Wyle
42.1%
Norah Jones
35.7%
Nina Simone
29.1%
Nas
25.5%
Nate Dogg
25.2%
Natasha Bedingfield
22.3%
Nicollette Sheridan
18.6%

You're not logged in!

Compare scores with friends on all Sporcle quizzes.
OR
Log In

You Might Also Like...

Show Comments

Extras

Top Quizzes Today


Score Distribution

Your Account Isn't Verified!

In order to create a playlist on Sporcle, you need to verify the email address you used during registration. Go to your Sporcle Settings to finish the process.

Report this User

Report this user for behavior that violates our Community Guidelines.

Details: